Sierra Leone : Fifth Review Under the Arrangement Under the Poverty Reduction and Growth Facility, Request for Waiver of Nonobservance of Performance Criterion, Request for Modification of Performance Criteria, and Financing Assurances Review.

This paper discusses key findings of the Fifth Review Under the Poverty Reduction and Growth Facility Arrangement for Sierra Leone. Program performance in the first half of 2009 was satisfactory. All end-June quantitative performance criteria were met, as were all end-June structural benchmarks, alt...

Full description

Bibliographic Details
Corporate Author: International Monetary Fund
Format: Journal
Language:English
Published: Washington, D.C. : International Monetary Fund, 2010.
Series:IMF Staff Country Reports; Country Report ; No. 2010/015
Online Access:Full text available on IMF
LEADER 01793cas a2200241 a 4500
001 AALejournalIMF006242
008 230101c9999 xx r poo 0 0eng d
020 |c 5.00 USD 
020 |z 9781451834673 
022 |a 1934-7685 
040 |a BD-DhAAL  |c BD-DhAAL 
110 2 |a International Monetary Fund. 
245 1 0 |a Sierra Leone :   |b Fifth Review Under the Arrangement Under the Poverty Reduction and Growth Facility, Request for Waiver of Nonobservance of Performance Criterion, Request for Modification of Performance Criteria, and Financing Assurances Review. 
264 1 |a Washington, D.C. :  |b International Monetary Fund,  |c 2010. 
300 |a 1 online resource (75 pages) 
490 1 |a IMF Staff Country Reports 
500 |a <strong>Off-Campus Access:</strong> No User ID or Password Required 
500 |a <strong>On-Campus Access:</strong> No User ID or Password Required 
506 |a Electronic access restricted to authorized BRAC University faculty, staff and students 
520 3 |a This paper discusses key findings of the Fifth Review Under the Poverty Reduction and Growth Facility Arrangement for Sierra Leone. Program performance in the first half of 2009 was satisfactory. All end-June quantitative performance criteria were met, as were all end-June structural benchmarks, although one with a delay. One of the two structural benchmarks for September 2009 was met, while the other was missed. Fiscal policy for the remainder of 2009 will aim to keep domestic revenue collection on track while containing unanticipated spending pressures. 
538 |a Mode of access: Internet 
830 0 |a IMF Staff Country Reports; Country Report ;  |v No. 2010/015 
856 4 0 |z Full text available on IMF  |u http://elibrary.imf.org/view/journals/002/2010/015/002.2010.issue-015-en.xml  |z IMF e-Library